000 00592nam a2200229Ia 4500
003 OSt
005 20220923224413.0
006 a|||||r|||| 00| 0
007 ta
008 Pun
024 _a231,987
037 _cTextual
040 _aARTS
_cARTS
_bPun
041 _2Pun
_aPun
082 _aO153,1x, H6
245 0 _aਰਾਗ ਰਿFਮਾਂ
260 _aਲਾਹੌਰ
_b ਸਿਖ ਪਬਲਿFਿੰਗ ਹਾਊਸ
_c1946
300 _a112ਪੰ
_ccm.
650 _aਪੰਜਾਬੀ ਸਾਹਿਤ
942 _hO153,1x, H6
_cTEXL
_2CC
999 _c371189
_d371189